Azulejos de Puebla : (Registro nro. 24980)
[ vista simple ]
| 000 -LEADER | |
|---|---|
| fixed length control field | 01460cam a2200349 i 4500 |
| 001 - CONTROL NUMBER | |
| control field | 24980 |
| 003 - CONTROL NUMBER IDENTIFIER | |
| control field | Mx-PuUPA |
| 005 - DATE AND TIME OF LATEST TRANSACTION | |
| control field | 20251211140311.0 |
| 008 - FIXED-LENGTH DATA ELEMENTS--GENERAL INFORMATION | |
| fixed length control field | 140415s2020 mx a gr 001 0 spa d |
| 020 ## - INTERNATIONAL STANDARD BOOK NUMBER | |
| International Standard Book Number | 9786072924826 |
| 040 ## - CATALOGING SOURCE | |
| Transcribing agency | Mx-PuUPA |
| Original cataloging agency | Mx-PuUPA |
| Language of cataloging | spa |
| Modifying agency | Mx-PuUPA |
| Description conventions | rda |
| 041 0# - LANGUAGE CODE | |
| Language code of text/sound track or separate title | spa |
| 043 ## - GEOGRAPHIC AREA CODE | |
| Source of local code | mx-mxbn |
| Local GAC code | n-mx-pu |
| 245 10 - TITLE STATEMENT | |
| Title | Azulejos de Puebla : |
| Remainder of title | diseños de una manufactura patrimonial / |
| Statement of responsibility, etc. | Javier Gómez Marín, coordinador general del proyecto ; José Viveros Mendoza [y otros cuatro], fotografía ; Lino Xavier Cantorán Ortiz, Gerardo Bravo Vargas, ilustración |
| 264 #1 - PRODUCTION, PUBLICATION, DISTRIBUTION, MANUFACTURE, AND COPYRIGHT NOTICE | |
| Place of production, publication, distribution, manufacture | Puebla de Zaragoza, México : |
| Name of producer, publisher, distributor, manufacturer | Secretaría de Cultura del Estado de Puebla, |
| Date of production, publication, distribution, manufacture, or copyright notice | 2020 |
| 300 ## - PHYSICAL DESCRIPTION | |
| Extent | 255 páginas : |
| Other physical details | ilustraciones ; |
| Dimensions | 27 cm |
| 336 ## - CONTENT TYPE | |
| Fuente | rdacontent |
| Content type term | texto |
| Content type code | txt |
| 336 ## - CONTENT TYPE | |
| Fuente | rdacontent |
| Content type term | imagen fija |
| Content type code | sti |
| 337 ## - MEDIA TYPE | |
| Source | rdamedia |
| Media type term | sin medio |
| Media type code | n |
| 338 ## - CARRIER TYPE | |
| Source | rdacarrier |
| Carrier type term | volumen |
| Carrier type code | nc |
| 490 0# - SERIES STATEMENT | |
| Series statement | Azulejos de Puebla ; |
| Volume/sequential designation | 1 |
| 650 #7 - SUBJECT ADDED ENTRY--TOPICAL TERM | |
| Source of heading or term | armarc |
| Topical term or geographic name entry element | Azulejos |
| 651 #4 - SUBJECT ADDED ENTRY--GEOGRAPHIC NAME | |
| Geographic name | Puebla (México) |
| General subdivision | Colecciones de cerámica |
| 700 1# - ADDED ENTRY--PERSONAL NAME | |
| Personal name | Gómez Marín, Javier, |
| 9 (RLIN) | 17422 |
| Fuller form of name | coordinador |
| 700 1# - ADDED ENTRY--PERSONAL NAME | |
| Personal name | Viveros Mendoza, José, |
| Relator term | fotógrafo |
| 9 (RLIN) | 17424 |
| 700 1# - ADDED ENTRY--PERSONAL NAME | |
| Personal name | Cantorán Ortiz, Lino Xavier, |
| Relator term | ilustrador |
| 700 1# - ADDED ENTRY--PERSONAL NAME | |
| Personal name | Bravo Vargas, Gerardo, |
| Relator term | ilustrador |
| 942 ## - ADDED ENTRY ELEMENTS (KOHA) | |
| Source of classification or shelving scheme | Dewey Decimal Classification |
| Koha item type | Libro |
| Classification part | 738.6097240 |
| Item part | A57 |
| Withdrawn status | Lost status | Source of classification or shelving scheme | Damaged status | Not for loan | Collection code | Home library | Current library | Shelving location | Date acquired | Source of acquisition | Cost, normal purchase price | Serial Enumeration / chronology | Total Checkouts | Full call number | Barcode | Date last seen | Price effective from | Koha item type |
|---|---|---|---|---|---|---|---|---|---|---|---|---|---|---|---|---|---|---|
| Dewey Decimal Classification | Consulta en sala | Puebla | Biblioteca Karol Wojtyla | Biblioteca Karol Wojtyla | Área de silencio | 03/12/2013 | Donación | 0.00 | v.1 | 738.6097240 A57 2020 | 46623 | 19/01/2026 | 03/12/2013 | Libro |